书目信息 |
| 题名: |
精彩简历101
|
|
| 作者: | 弗里 著 ;刘宁 , 任英梅 译 | |
| 分册: | ||
| 出版信息: | 北京 人民邮电出版社 2005.02 |
|
| 页数: | 347页 | |
| 开本: | 21cm | |
| 丛书名: | 新华信管理丛书 | |
| 单 册: | ||
| 中图分类: | H052 | |
| 科图分类: | ||
| 主题词: | 应用文--ying yong wen--写作 | |
| 电子资源: | ||
| ISBN: | 7-115-12778-6 | |
| 000 | 01420nam 2200325 450 | |
| 001 | 012006099809 | |
| 005 | 20070428151457.04 | |
| 010 | @a7-115-12778-6@dCNY27.00 | |
| 100 | @a20050314d2005 km y0chiy0120 ea | |
| 101 | 1 | @achi@ceng |
| 102 | @aCN@b110000 | |
| 105 | @aa z 000yy | |
| 200 | 1 | @a精彩简历101@Ajing cai jian li 101@d= 101 great resumes,winning resumes for any situation, any job, any career@f(美) 罗尼·福莱著@F(mei)luo ni·fu lai zhu@g刘宁, 任英梅译@Gliu ning,ren ying mei yi@zeng |
| 210 | @a北京@c人民邮电出版社@d2005.02 | |
| 215 | @a347页@c图@d21cm | |
| 225 | 2 | @a新华信管理丛书@Axin hua xin guan li cong shu |
| 305 | @a据2002年英文版译出。 | |
| 306 | @a由Career Press授权人民邮电出版社出版。 | |
| 314 | @a责任者规范汉译姓:弗里。 | |
| 314 | @a封底题责任者:Ron Fray。 | |
| 330 | @a本书列举了最新的简历写作方式,从简历写作的各方面阐述了成功简历的写法,对如何写简历进行了详细指导,并提供了适用于各行业、各种机构、各类专业和职位的101个优秀的简历模板,使读者在写求职简历时可以直接借鉴使用,对读者获得面试机会大有帮助。 | |
| 410 | 0 | @12001 @a新华信管理丛书 |
| 510 | 1 | @a101 great resumes,winning resumes for any situation, any job, any career@zeng |
| 606 | 0 | @a应用文@Aying yong wen@x写作 |
| 690 | @aH052@v4 | |
| 701 | 1 | @a弗里@Afu li@g(Fry, Ron)@4著 |
| 702 | 0 | @a刘宁@Aliu ning@4译 |
| 702 | 0 | @a任英梅@Aren ying mei@4译 |
| 801 | 0 | @aCN@c20070428 |
| 905 | @a10447@dH052@eF593 | |
| 精彩简历101= 101 great resumes,winning resumes for any situation, any job, any career/(美) 罗尼·福莱著/刘宁, 任英梅译.-北京:人民邮电出版社,2005.02 |
| 347页:图;21cm.-(新华信管理丛书) |
| ISBN 7-115-12778-6:CNY27.00 |
| 本书列举了最新的简历写作方式,从简历写作的各方面阐述了成功简历的写法,对如何写简历进行了详细指导,并提供了适用于各行业、各种机构、各类专业和职位的101个优秀的简历模板,使读者在写求职简历时可以直接借鉴使用,对读者获得面试机会大有帮助。 |
| ● |
| 相关链接 |
|
|
|
正题名:精彩简历101
索取号:H052/F593
 
预约/预借
| 序号 | 登录号 | 条形码 | 馆藏地/架位号 | 状态 | 备注 |
| 1 | 235819 | 202358199 | 语言库209/209语言库 67排1列6层/ [索取号:H052/F593] | 在馆 | |
| 2 | 235820 | 202358206 | 语言库209/209语言库 67排1列6层/ [索取号:H052/F593] | 在馆 | |
| 3 | 235821 | 202358215 | 语言库209/209语言库 67排1列6层/ [索取号:H052/F593] | 在馆 |